Vista normal Vista MARC

Entrada Nombre personal

Número de registros utilizados en: 2

001 - NÚMERO DE CONTROL

  • Campo de control: 42566

003 - IDENTIFICADOR DE NÚMERO DE CONTROL

  • Campo de control: OSt

005 - FECHA Y HORA DE LA ULTIMA MODIFICACION

  • Campo de control: 20180419115648.0

008 - ELEMENTOS DE DATOS DE LONGITUD FIJA

  • Campo de longitud fija: 180419|| aca||aabn | a|a d

040 ## - FUENTE DE LA CATALOGACIÓN

  • Agencia original de catalogación: OSt

100 1# - ENCABEZAMIENTO--NOMBRE DE PERSONA

  • Nombre personal: Olmedo Mejía, Osmín Adolfo

400 1# - TRAZADO VEÁSE--NOMBRE DE PERSONA

  • Nombre personal: Olmedo, Adolfo

400 1# - TRAZADO VEÁSE--NOMBRE DE PERSONA

  • Nombre personal: Mejía, Osmín

670 ## - FUENTE DE DATOS ENCONTRADOS

  • Fuente de citación: Pasantía, Industrias Bioquim Centroamericana S.A. Costa Rica

670 ## - FUENTE DE DATOS ENCONTRADOS

  • Fuente de citación: BMC-19-04-2018